Птицы Томской области

Opis bibliograficzny
organizacja autorów: Томская область Департамент природных ресурсов и охраны окружающей среды, Томский государственный университет (ТГУ)
Kolejni autorzy: Адам А. М. (редактор)
Streszczenie:В данном издании кратко описываются наиболее распространенные виды птиц, обитающие на территории Томской области. Дана информация о нескольких видах, занесенных в Красную книгу Томской области. Цель книги - представить наиболее доступные для любителей природы данные для определения птиц, увиденных в природе. Каждый очерк сопровождается цветной фотографией.Для всех, кто любит и ценит природу.
Język:rosyjski
Wydane: Томск, Печатная мануфактура, 2009
Seria:Мир природы Томской области
Hasła przedmiotowe:
Format: MixedMaterials Książka
KOHA link:https://koha.lib.tpu.ru/cgi-bin/koha/opac-detail.pl?biblionumber=205548

MARC

LEADER 00000nam0a2200000 4500
001 205548
005 20231101225303.0
010 |a 9785944761927 
035 |a (RuTPU)RU\TPU\book\224017 
090 |a 205548 
100 |a 20111212d2009 km y0rusy50 ca 
101 0 |a rus 
102 |a RU 
105 |a a z 000zy 
200 1 |a Птицы Томской области  |f Томская область, Департамент природных ресурсов и охраны окружающей среды ; Томский государственный университет (ТГУ) ; под ред. А. М. Адама 
210 |a Томск  |c Печатная мануфактура  |d 2009 
215 |a 96 с.  |c ил. 
225 1 |a Мир природы Томской области 
330 |a В данном издании кратко описываются наиболее распространенные виды птиц, обитающие на территории Томской области. Дана информация о нескольких видах, занесенных в Красную книгу Томской области. Цель книги - представить наиболее доступные для любителей природы данные для определения птиц, увиденных в природе. Каждый очерк сопровождается цветной фотографией.Для всех, кто любит и ценит природу. 
610 1 |a популярные издания 
610 1 |a зоология 
610 1 |a птицы 
610 1 |a Томская область 
675 |a 087:59  |v 3 
702 1 |a Адам  |b А. М.  |4 340 
712 0 1 |a Томская область  |b Департамент природных ресурсов и охраны окружающей среды  |2 stltpush  |3 (RuTPU)RU\TPU\col\9844  |9 24751 
712 0 2 |a Томский государственный университет (ТГУ)  |2 stltpush  |3 (RuTPU)RU\TPU\col\397 
801 1 |a RU  |b 63413507  |c 20111212 
801 2 |a RU  |b 63413507  |c 20111215  |g RCR 
942 |c BK